| 000 | 00948nam a22002297a 4500 | ||
|---|---|---|---|
| 003 | AM-YEHGA | ||
| 005 | 20250617164025.0 | ||
| 008 | 210915b ||||| |||| 00| 0 rus d | ||
| 040 | _aAM-YeHGA | ||
| 041 | 0 | _arus | |
| 100 | 1 | _aЛебедев, Николай Иванович. | |
| 245 | 1 | 0 |
_aИдеологическая работа КПБ в деревне и ее роль в создании колхозного строя / _cН.И. Лебедев |
| 260 |
_aМинск : _bИзд-во М-ва высш., сред. спец. и проф. образования БССР, _c1962. |
||
| 300 | _a84 с. | ||
| 440 | 0 | _aИз истории КПБ | |
| 653 | 0 | _aКП Белоруссии - История | |
| 653 | 0 | _aИдеологическая работа КПСС | |
| 653 | 0 | _aПолитико-массовая работа на селе - Белорус. ССР | |
| 942 |
_2udc _cBK |
||
| 001 | 1790089 | ||
| 090 | _c520038 | ||
| 999 |
_c516494 _d516494 |
||